CAPITAL + A CITY Anagram Madness! - Statistics

General Stats
  • This quiz has been taken 97 times
    85 since last reset
  • The average score is 23 of 40
Answer Stats
Hint Answer % Correct
11) Postor pokayo /T Tokyo
86%
20) Slowad warz /W Warsaw
86%
13) Grose bolen /O Oslo
83%
18) Menice over /R Rome
83%
" " Venice
83%
2) Blind rostonol /L London
77%
9) Womock moss /M Moscow
75%
4) Bord culink /D Dublin
74%
5) Aclogra taytaw /O Ottawa
72%
" " Bristol
71%
3) Geswedh nartvonin /W Washington
69%
14) Cibernol gonle /B Berlin
68%
15) Jalaba ugos /A Abuja
66%
" " Cork
66%
19) Minki razara /A Ankara
65%
" " Bergen
63%
1) Sovid esake /K Kiev
63%
12) Plumahop rukuali /K Kuala Lumpur
63%
" " Lagos
60%
8) Gashnengi hajibi /B Beijing
58%
" " Calgary
57%
" " Lodz
57%
10) Fasterin hahna /T Tehran
57%
" " Cologne
55%
16) Arexicran aladio /C Cairo
54%
" " Alexandria
52%
6) Halked takwenoli /D New Delhi
52%
" " Odessa
52%
" " Sapporo
52%
" " Izmir
51%
" " Shanghai
49%
7) Crafise lebiari /B Brasilia
48%
" " Omsk
45%
" " Denver
43%
17) Beranther carp /C Canberra
40%
" " Perth
37%
" " Kolkata
35%
" " Recife
31%
" " Ipoh
20%
" " Isfahan
18%
No matching quizzes found
Score Distribution
Percent of People with Each Score
Percentile by Number Answered
Your Score History
You have not taken this quiz since the last reset